Statistics for Crowd-Sourced General Knowledge #2

Click here to take the quiz!

General Stats

  • This quiz has been taken 26,691 times
  • The average score is 13 of 20

Answer Stats

Question Answer % Correct
Towards what city do Muslims face when they pray?Mecca
88%
What element of the periodic table are diamonds made of?Carbon
87%
What is the national anthem of the U.K.?God Save the Queen
78%
What building is located at 1600 Pennsylvania Avenue?White House
78%
What tropical island chain was famously visited by Charles Darwin?Galápagos Islands
76%
What animal represents the Republican Party of the United States?Elephant
75%
What is the the only U.S. state whose name has only one syllable?Maine
75%
How do you say "Merry Christmas" in Spanish?Feliz Navidad
74%
What is the colloquial name for a myocardial infarction?Heart Attack
68%
Who portrays the character Mr. Bean?Rowan Atkinson
68%
In what game show must contestants answer with a question?Jeopardy
66%
Whose twelve labors included slaying a hydra and cleaning stables?Hercules
66%
What city's tallest building is known as the "Shard"?London
60%
Who sang "Achy Breaky Heart"?Billy Ray Cyrus
58%
What country used the Drachma as its currency, before switching to the Euro in 2001?Greece
56%
What brand has been called "Swiss cheese clog-footwear"?Crocs
55%
Who wrote "Das Kapital"?Karl Marx
55%
British people call it a "full stop". What do Americans call it?a Period
52%
In what city can you find the Petronas Towers?Kuala Lumpur
46%
What language was invented in 1887 and has over 100,000 fluent speakers?Esperanto
35%

Score Distribution

Percentile by Number Answered

Percent of People with Each Score

Your Score History

You have not taken this quiz